Globalización contable (Registro nro. 184144)

Detalles MARC
000 -ENCABEZADO
Número de control [NR] 00887 a2200241 4500
005 - FECHA Y HORA DE LA ÚLTIMA TRANSACCIÓN
control field 20140903175017.0
008 - DE LONGITUD FIJA DE DATOS DE ELEMENTOS - INFORMACIÓN GENERAL
Elementos de longitud fija [NR] 140220s2012 ck ad fr|||| 00| 0 spa d
020 ## - NUMERO INTERNACIONAL NORMALIZADO PARA LIBROS [R]
Número Internacional Normalizado del libro [NR] 9584230042
020 ## - NUMERO INTERNACIONAL NORMALIZADO PARA LIBROS [R]
Número Internacional Normalizado del libro [NR] 9789584230041
040 ## - FUENTE DE CATALOGACION [NR]
Agencia de catalogación original [NR] CO-BoUCM
Idioma de catalogación [NR] spa
Quien Cataloga Jose A. Gerena
Quien Clasifica Diana Londoño
041 ## - CODIGO DE IDIOMA [R]
Código de idioma para texto/pista de sonido o título separado [R] Español
110 2# - ASIENTO PRINCIPAL--NOMBRE CORPORATIVO [NR]
Nombre corporativo o de jurisdicción como elemento de entrada [NR] Deloitte
ID de autoridad 56795
245 00 - MENCION DE TITULO [NR]
Título [NR] Globalización contable
Parte restante del título [NR] el IFRS para PYMES
Mención de responsabilidad, etc. [NR] Deloitte ; compilado por César Cheng Vargas
260 ## - PUBLICACION, DISTRIBUCION, ETC. (PIE DE IMPRENTA) [R]
Fecha de publicación, distribución, etc. [R] 2012
Nombre del editor, distribuidor, etc. [R] Grupo Planeta
Lugar de publicación, distribución, etc. [R] Bogotá (Colombia)
300 ## - DESCRIPCION FISICA [R]
Extensión [R] 313, 80 páginas
Otros detalles físicos [NR] ilustraciones, cuadros, gráficas
650 #7 - ASIENTO SECUNDARIO DE MATERIA - TERMINO TEMATICO [R]
Término temático o nombre geográfico como elemento de entrada [NR] Contabilidad administrativa
9 (RLIN) 11739
650 #7 - ASIENTO SECUNDARIO DE MATERIA - TERMINO TEMATICO [R]
Término temático o nombre geográfico como elemento de entrada [NR] Estados financieros
9 (RLIN) 15032
650 #7 - ASIENTO SECUNDARIO DE MATERIA - TERMINO TEMATICO [R]
Término temático o nombre geográfico como elemento de entrada [NR] Pequeña y mediana empresa
9 (RLIN) 21281
690 ## - ASUNTO AGREGADO LOCAL DE ENTRADA - TÉRMINO TEMÁTICO (OCLC, RLIN)
9 (RLIN) 42736
Acceso temático local Administración de empresas
700 1# - ASIENTO SECUNDARIO - NOMBRE PERSONAL [R]
Nombre personal [NR] Cheng Vargas, César
Término de relación [R] compilador
9 (RLIN) 56796
942 ## - ELEMENTOS DE ENTRADA AGREGADOS (KOHA)
Tema principal Administración
Tipo de ítem principal el descrito en 300a Libro
Edición 1
Parte restante de la signatura top. D361
Sistema de clasificación DEWEY
Clasificación 657.3
Existencias
Fecha de último préstamo Total préstamos Total Renewals Signatura topográfica Código de barras Última vez visto Ejemplar Costo de reposición Price effective from Tipo de ítem Perdido Sistema de clasificación Dañado No prestable Tipo de ítem específico Suprimido Ubicación habitual Ubicación actual Localización Fecha de creación Proveedor Forma de adquisición Costo
27/08/2015 2 4 657.3 D361 100140319 03/12/2024 Ej.1 40544.00 22/01/2014 Libro   DEWEY     Libro   Bodega Bodega 5to piso 22/01/2014 37 Compra 40544.00